[Event "Deutsche Ländermeisterschaft 2003"]
[Site "Kassel GER"]
[Date "2003.10.21"]
[Round "4"]
[White "de Wiljes, Jan-Hendrik"]
[Black "Silber, Henning"]
[Result "1/2-1/2"]
[Termination "normal"]
[Board "1.1"]
[WhiteElo "2254"]
[BlackElo "2303"]
[WhiteTeam "Niedersachsen"]
[BlackTeam "Rheinland-Pfalz"]
[PlyCount "34"]
[BlackFideId "4662024"]
[EventCountry "GER"]
[EventRounds "7"]
[EventType "team-swiss"]
[EventDate "2003.10.18"]

1. Nf3 d5 2. g3 e6 3. Bg2 c5 4. O-O Nf6 5. d3 Be7 6. Nbd2 O-O 7. e4 Nc6 8. e5
Nd7 9. Re1 f6 10. exf6 Bxf6 11. Bh3 Nde5 12. Nxe5 Bxe5 13. Nf3 Qf6 14. Nxe5
Nxe5 15. f4 Nc6 16. Bg2 Bd7 17. c3 Rae8 1/2-1/2

[Event "Deutsche Ländermeisterschaft 2003"]
[Site "Kassel GER"]
[Date "2003.10.21"]
[Round "4"]
[White "Kühner, Christian"]
[Black "Lubbe, Nikolas"]
[Result "1-0"]
[Termination "normal"]
[Board "1.2"]
[WhiteElo "2174"]
[BlackElo "2103"]
[WhiteTeam "Rheinland-Pfalz"]
[BlackTeam "Niedersachsen"]
[PlyCount "79"]
[WhiteFideId "4679440"]
[BlackFideId "4694031"]
[EventCountry "GER"]
[EventRounds "7"]
[EventType "team-swiss"]
[EventDate "2003.10.18"]

1. c4 e5 2. Nc3 Nc6 3. g3 g6 4. Bg2 Bg7 5. e3 Nge7 6. Nge2 d6 7. O-O h5 8. d4
h4 9. d5 Nb8 10. e4 Bd7 11. Bg5 f6 12. Be3 g5 13. Nc1 Qc8 14. Re1 Ng6 15. Nd3
Bf8 16. c5 Rg8 17. Kh1 hxg3 18. fxg3 Qd8 19. cxd6 Bxd6 20. Nc5 b6 21. Nxd7 Nxd7
22. Nb5 Kf7 23. Rc1 Kg7 24. Rc4 a5 25. a3 Nc5 26. b4 axb4 27. axb4 Na6 28. Nxd6
cxd6 29. Qb3 Ne7 30. Rec1 b5 31. R4c2 Qd7 32. Ra2 Rgc8 33. Rca1 Qb7 34. Bf1 Rd8
35. Ra5 Nc7 36. Ra7 Rxa7 37. Rxa7 Qb8 38. Bh3 Nc8 39. Bxc8 Rxc8 40. Qa2 1-0

[Event "Deutsche Ländermeisterschaft 2003"]
[Site "Kassel GER"]
[Date "2003.10.21"]
[Round "4"]
[White "Wiegmann, Sascha"]
[Black "Armbrust, Florian"]
[Result "1-0"]
[Termination "normal"]
[Board "1.3"]
[WhiteElo "2156"]
[BlackElo "2205"]
[WhiteTeam "Niedersachsen"]
[BlackTeam "Rheinland-Pfalz"]
[PlyCount "85"]
[WhiteFideId "4682041"]
[BlackFideId "4691350"]
[EventCountry "GER"]
[EventRounds "7"]
[EventType "team-swiss"]
[EventDate "2003.10.18"]

1. e4 c5 2. Nf3 d6 3. d3 Nc6 4. g3 g6 5. Bg2 Bg7 6. O-O e6 7. Nbd2 Nge7 8. Re1
O-O 9. Nf1 Qc7 10. h4 d5 11. c3 dxe4 12. dxe4 b5 13. e5 Rb8 14. h5 b4 15. Bg5
bxc3 16. bxc3 Ba6 17. Qa4 Bd3 18. h6 Bh8 19. Qh4 Nd5 20. Rad1 c4 21. Nd4 Nxe5
22. f4 Nc6 23. Nxe6 fxe6 24. Rxe6 Rb5 25. Rxd3 cxd3 26. f5 Rxf5 27. Re8+ Rf8
28. Qe4 Qf7 29. Rxf8+ Kxf8 30. c4 d2 31. Nxd2 Rb2 32. cxd5 Ne5 33. d6 Rb8 34.
Be7+ Kg8 35. Qd5 Qxd5 36. Bxd5+ Nf7 37. Nf3 Bc3 38. Ng5 Bd4+ 39. Kh2 Rb2+ 40.
Kh3 Rf2 41. d7 Bb6 42. Bxf7+ Rxf7 43. Nxf7 1-0

[Event "Deutsche Ländermeisterschaft 2003"]
[Site "Kassel GER"]
[Date "2003.10.21"]
[Round "4"]
[White "Völbel, Patrick"]
[Black "Bäumler, Ilja"]
[Result "1/2-1/2"]
[Termination "normal"]
[Board "1.4"]
[WhiteElo "1779"]
[BlackElo "2153"]
[WhiteTeam "Rheinland-Pfalz"]
[BlackTeam "Niedersachsen"]
[PlyCount "47"]
[WhiteFideId "24622583"]
[BlackFideId "4681070"]
[EventCountry "GER"]
[EventRounds "7"]
[EventType "team-swiss"]
[EventDate "2003.10.18"]

1. d4 Nf6 2. c4 g6 3. Nc3 Bg7 4. e4 d6 5. Be2 O-O 6. Bg5 h6 7. Be3 e5 8. d5 a5
9. Qd2 Kh7 10. h4 Na6 11. h5 g5 12. f3 g4 13. O-O-O Nc5 14. Bd3 Qe7 15. Nge2
Rd8 16. Ng3 Rb8 17. Rhe1 c6 18. f4 Ne8 19. Bc2 Bd7 20. Qf2 Kh8 21. fxe5 Qxe5
22. Nf5 Bxf5 23. exf5 Qf6 24. Kb1 1/2-1/2

[Event "Deutsche Ländermeisterschaft 2003"]
[Site "Kassel GER"]
[Date "2003.10.21"]
[Round "4"]
[White "Romakin, Helene"]
[Black "Hauck, Kerstin"]
[Result "1-0"]
[Termination "normal"]
[Board "1.5"]
[WhiteElo "2081"]
[BlackElo "1738"]
[WhiteTeam "Niedersachsen"]
[BlackTeam "Rheinland-Pfalz"]
[PlyCount "33"]
[WhiteFideId "24605964"]
[EventCountry "GER"]
[EventRounds "7"]
[EventType "team-swiss"]
[EventDate "2003.10.18"]

1. c4 c5 2. Nc3 Nc6 3. g3 b6 4. Bg2 Bb7 5. e4 e6 6. Nge2 Ne5 7. d3 Ne7 8. O-O
d5 9. f4 Ng4 10. exd5 exd5 11. cxd5 Nf6 12. d6 Nc6 13. Re1 Qxd6 14. Nd4+ Be7
15. Bxc6+ Bxc6 16. Nf5 Qd8 17. Nxe7 1-0

[Event "Deutsche Ländermeisterschaft 2003"]
[Site "Kassel GER"]
[Date "2003.10.21"]
[Round "4"]
[White "Wortmann, Jonas"]
[Black "Seeger, Franziska"]
[Result "0-1"]
[Termination "normal"]
[Board "1.6"]
[WhiteElo "1734"]
[BlackElo "2064"]
[WhiteTeam "Rheinland-Pfalz"]
[BlackTeam "Niedersachsen"]
[PlyCount "78"]
[WhiteFideId "24628069"]
[BlackFideId "4690982"]
[EventCountry "GER"]
[EventRounds "7"]
[EventType "team-swiss"]
[EventDate "2003.10.18"]

1. e4 e5 2. Nf3 Nc6 3. Bc4 Nf6 4. Ng5 d5 5. exd5 Na5 6. Bb5+ c6 7. dxc6 bxc6 8.
Be2 h6 9. Nf3 e4 10. Ne5 Bd6 11. d4 exd3 12. Nxd3 O-O 13. O-O Nd5 14. b3 Qh4
15. g3 Qh3 16. Bf3 Re8 17. Bb2 h5 18. Qd2 Qf5 19. Bg2 Nb7 20. c4 Nf6 21. Nc3
Bd7 22. Rfe1 h4 23. Rad1 hxg3 24. fxg3 Nc5 25. Nf2 Be5 26. Ba3 Ne6 27. Nce4 Bd4
28. Bb2 Nxe4 29. Bxe4 Bxf2+ 30. Qxf2 Qa5 31. Rxd7 Ng5 32. h4 Nh3+ 33. Kg2 Nxf2
34. Kxf2 Rxe4 35. Rxe4 Qf5+ 36. Ke3 Qxd7 37. g4 Rd8 38. Rd4 Qe7+ 39. Re4 Qxh4
0-1

[Event "Deutsche Ländermeisterschaft 2003"]
[Site "Kassel GER"]
[Date "2003.10.21"]
[Round "4"]
[White "Bradler, Stephan"]
[Black "Klassen, Olga"]
[Result "1-0"]
[Termination "normal"]
[Board "1.7"]
[WhiteElo "1559"]
[BlackElo "1563"]
[WhiteTeam "Niedersachsen"]
[BlackTeam "Rheinland-Pfalz"]
[PlyCount "93"]
[WhiteFideId "24629367"]
[EventCountry "GER"]
[EventRounds "7"]
[EventType "team-swiss"]
[EventDate "2003.10.18"]

1. e4 c5 2. Nf3 e6 3. d4 cxd4 4. Nxd4 a6 5. Bd3 Bc5 6. Nb3 Ba7 7. O-O d6 8. Qe2
Nd7 9. c4 Ngf6 10. Nc3 O-O 11. Be3 Bxe3 12. Qxe3 Qc7 13. f4 b6 14. f5 Ne5 15.
Qe2 Nxd3 16. Qxd3 Bb7 17. Nd4 Qc5 18. Kh1 Qe5 19. Rae1 Nd7 20. b4 exf5 21. Rxf5
Qe7 22. Qg3 Rae8 23. Rg5 f6 24. Nf5 fxg5 25. Nxe7+ Rxe7 26. Qxd6 Rfe8 27. c5
bxc5 28. bxc5 Ne5 29. Qd2 h6 30. h3 Kh8 31. Nd5 Rd7 32. Qc3 Bc6 33. Nb4 Bb5 34.
Qc2 Red8 35. a4 Rd2 36. Qc3 Bxa4 37. Qxe5 Bb5 38. c6 Rf8 39. c7 Bf1 40. Rxf1
Rxf1+ 41. Kh2 Rff2 42. c8=Q+ Kh7 43. Qg3 Rf1 44. Qxa6 Rb1 45. Qf3 Rd8 46. Qf5+
Kh8 47. Qag6 1-0

[Event "Deutsche Ländermeisterschaft 2003"]
[Site "Kassel GER"]
[Date "2003.10.21"]
[Round "4"]
[White "Becher, Anne"]
[Black "Kickert, Germaine Helene"]
[Result "1-0"]
[Termination "normal"]
[Board "1.8"]
[WhiteElo "1355"]
[BlackElo "1315"]
[WhiteTeam "Rheinland-Pfalz"]
[BlackTeam "Niedersachsen"]
[PlyCount "61"]
[BlackFideId "24614890"]
[EventCountry "GER"]
[EventRounds "7"]
[EventType "team-swiss"]
[EventDate "2003.10.18"]

1. c4 e6 2. Nc3 d5 3. e3 c5 4. d4 Nf6 5. Nf3 Nc6 6. Bd3 Be7 7. O-O O-O 8. b3 b6
9. Bb2 Bb7 10. a3 Rc8 11. Rc1 Kh8 12. Re1 Rc7 13. Bb1 Rd7 14. Ne2 Qb8 15. Ne5
Nxe5 16. dxe5 Ng4 17. Qd3 f5 18. Qc3 dxc4 19. bxc4 Qe8 20. h3 Nh6 21. Red1 Qg6
22. Nf4 Rxd1+ 23. Rxd1 Qe8 24. Nxe6 Qc6 25. Nf4 g5 26. Nd5 Ng8 27. f3 Qe6 28.
Nxe7 Qxe7 29. Rd7 Qe6 30. Rxb7 Qh6 31. e6+ 1-0

[Event "Deutsche Ländermeisterschaft 2003"]
[Site "Kassel GER"]
[Date "2003.10.21"]
[Round "4"]
[White "Korotkevych, Stanislav"]
[Black "Ortmann, David"]
[Result "1/2-1/2"]
[Termination "normal"]
[Board "2.1"]
[WhiteElo "2320"]
[BlackElo "2280"]
[WhiteTeam "Nordrhein-Westfalen"]
[BlackTeam "Württemberg"]
[PlyCount "31"]
[WhiteFideId "14107309"]
[BlackFideId "4651588"]
[EventCountry "GER"]
[EventRounds "7"]
[EventType "team-swiss"]
[EventDate "2003.10.18"]

1. e4 c5 2. Nf3 Nc6 3. d4 cxd4 4. Nxd4 Nf6 5. Nc3 e5 6. Ndb5 d6 7. Bg5 a6 8.
Na3 b5 9. Nd5 Be7 10. Bxf6 Bxf6 11. c3 O-O 12. Nc2 Bg5 13. a4 bxa4 14. Rxa4 a5
15. Bc4 g6 16. O-O 1/2-1/2

[Event "Deutsche Ländermeisterschaft 2003"]
[Site "Kassel GER"]
[Date "2003.10.21"]
[Round "4"]
[White "Mijatovic, Vladimir"]
[Black "Fiebig, Thomas"]
[Result "0-1"]
[Termination "normal"]
[Board "2.2"]
[WhiteElo "2126"]
[BlackElo "2262"]
[WhiteTeam "Württemberg"]
[BlackTeam "Nordrhein-Westfalen"]
[PlyCount "76"]
[WhiteFideId "934062"]
[BlackFideId "4693922"]
[EventCountry "GER"]
[EventRounds "7"]
[EventType "team-swiss"]
[EventDate "2003.10.18"]

1. e4 e6 2. Nf3 d5 3. Nc3 Nf6 4. e5 Nfd7 5. d4 c5 6. dxc5 Nc6 7. Bf4 Bxc5 8.
Bd3 f6 9. exf6 Nxf6 10. O-O O-O 11. Qe2 Bd7 12. Rae1 Qe7 13. Ne5 Rae8 14. Bg3
a6 15. Nb1 Nb4 16. Nd2 Nxd3 17. cxd3 Bb5 18. b3 a5 19. Ndf3 Bb4 20. Rc1 Ba3 21.
Rce1 Ne4 22. Nd4 Ba6 23. Qe3 Nxg3 24. hxg3 Bd6 25. f4 Rc8 26. Rd1 Rfe8 27. Rfe1
Rc3 28. Nef3 Bc5 29. Kh2 Qd8 30. Qe5 Qd6 31. Qxd6 Bxd6 32. Nxe6 Rxd3 33. Rxd3
Bxd3 34. Rd1 Be2 35. Rxd5 Rxe6 36. Nd4 Rh6+ 37. Kg1 Bg4 38. Nb5 Be7 0-1

[Event "Deutsche Ländermeisterschaft 2003"]
[Site "Kassel GER"]
[Date "2003.10.21"]
[Round "4"]
[White "Rehberg, Raphael"]
[Black "Behm, Simon"]
[Result "1-0"]
[Termination "normal"]
[Board "2.3"]
[WhiteElo "2042"]
[BlackElo "2045"]
[WhiteTeam "Nordrhein-Westfalen"]
[BlackTeam "Württemberg"]
[PlyCount "41"]
[WhiteFideId "4686799"]
[BlackFideId "4691962"]
[EventCountry "GER"]
[EventRounds "7"]
[EventType "team-swiss"]
[EventDate "2003.10.18"]

1. e4 e6 2. d3 d5 3. Nd2 Nf6 4. Ngf3 b6 5. c3 Be7 6. g3 dxe4 7. dxe4 Ba6 8.
Bxa6 Nxa6 9. Qa4+ Nd7 10. Qxa6 O-O 11. O-O Nc5 12. Qe2 c6 13. e5 Qc7 14. Ne4
Nd7 15. Bf4 h6 16. h4 Rfd8 17. Rad1 Kh8 18. Rd2 Kh7 19. Rfd1 Kh8 20. Qe3 Kh7
21. Nf6+ 1-0

[Event "Deutsche Ländermeisterschaft 2003"]
[Site "Kassel GER"]
[Date "2003.10.21"]
[Round "4"]
[White "Häcker, Sonja"]
[Black "Zhang, Fan"]
[Result "1-0"]
[Termination "normal"]
[Board "2.4"]
[WhiteElo "2028"]
[BlackElo "1752"]
[WhiteTeam "Württemberg"]
[BlackTeam "Nordrhein-Westfalen"]
[PlyCount "63"]
[WhiteFideId "4680928"]
[BlackFideId "24609730"]
[EventCountry "GER"]
[EventRounds "7"]
[EventType "team-swiss"]
[EventDate "2003.10.18"]

1. e4 e6 2. d4 d5 3. Nc3 Nf6 4. e5 Nfd7 5. f4 c5 6. Nf3 b6 7. Be3 Ba6 8. Nb5
Bxb5 9. Bxb5 c4 10. c3 Qc7 11. O-O Be7 12. Ba4 Nc6 13. Qe1 a6 14. f5 O-O-O 15.
Bc2 h6 16. b3 Na5 17. Qe2 Kb7 18. Rfb1 Ka7 19. Nd2 Rc8 20. a4 Rhe8 21. bxc4
Nxc4 22. Nxc4 dxc4 23. Kh1 a5 24. Rb5 Rb8 25. Rab1 Ka6 26. Be4 Ba3 27. Qa2 Bf8
28. fxe6 fxe6 29. Qb2 Be7 30. d5 exd5 31. Rxd5 Ka7 32. Rxa5# 1-0

[Event "Deutsche Ländermeisterschaft 2003"]
[Site "Kassel GER"]
[Date "2003.10.21"]
[Round "4"]
[White "Beckmann, Emanuel"]
[Black "Plenca, Julijan"]
[Result "1/2-1/2"]
[Termination "normal"]
[Board "2.5"]
[WhiteElo "1858"]
[BlackElo "2059"]
[WhiteTeam "Nordrhein-Westfalen"]
[BlackTeam "Württemberg"]
[PlyCount "94"]
[WhiteFideId "24608025"]
[BlackFideId "14508044"]
[EventCountry "GER"]
[EventRounds "7"]
[EventType "team-swiss"]
[EventDate "2003.10.18"]

1. e4 e6 2. d3 d5 3. Nd2 Nf6 4. Ngf3 c5 5. g3 b5 6. Bg2 Qb6 7. O-O Be7 8. Re1
Nc6 9. e5 Nd7 10. Nf1 a5 11. h4 b4 12. h5 h6 13. N1h2 a4 14. Ng4 Kd8 15. Be3
Ba6 16. Qd2 Kc7 17. Nh4 Rhb8 18. f4 b3 19. axb3 axb3 20. c3 Bb7 21. Nf3 Ra2 22.
Rec1 Rba8 23. Rab1 Kd8 24. Qf2 R8a4 25. Kh2 Qa6 26. Bf1 Ra1 27. d4 c4 28. Qe1
R1a2 29. Nf2 Na7 30. Rd1 Nb5 31. Bc1 Ra1 32. Be3 Rxb1 33. Rxb1 Ra2 34. Kg1 Ba3
35. Nd1 Be7 36. Nf2 Nb6 37. Nd1 Ra1 38. Rxa1 Qxa1 39. Qd2 Na4 40. Qc1 Qa2 41.
Nd2 Bc6 42. g4 Bd7 43. g5 Bf8 44. Bg2 Nc7 45. Nf1 Nxb2 46. Qxb2 Ba3 47. Qf2 Qa1
1/2-1/2

[Event "Deutsche Ländermeisterschaft 2003"]
[Site "Kassel GER"]
[Date "2003.10.21"]
[Round "4"]
[White "Zikeli, Saskia"]
[Black "Hobusch, Alexander"]
[Result "1/2-1/2"]
[Termination "normal"]
[Board "2.6"]
[WhiteElo "1867"]
[BlackElo "1771"]
[WhiteTeam "Württemberg"]
[BlackTeam "Nordrhein-Westfalen"]
[PlyCount "104"]
[WhiteFideId "24601543"]
[BlackFideId "24611387"]
[EventCountry "GER"]
[EventRounds "7"]
[EventType "team-swiss"]
[EventDate "2003.10.18"]

1. e4 e6 2. d4 d5 3. e5 c5 4. c3 Nc6 5. Nf3 Bd7 6. a3 f6 7. exf6 Nxf6 8. Bd3
cxd4 9. cxd4 Bd6 10. O-O O-O 11. Nc3 e5 12. dxe5 Nxe5 13. Nxe5 Bxe5 14. Nxd5
Nxd5 15. Qh5 Bxh2+ 16. Qxh2 Nf6 17. Bg5 h6 18. Bf4 Bc6 19. Rad1 Qb6 20. Bc4+
Kh7 21. b3 Qa5 22. Bc7 Qh5 23. Qxh5 Nxh5 24. a4 Nf4 25. f3 Rae8 26. Rfe1 Rxe1+
27. Rxe1 Nd5 28. Bg3 Nb6 29. Bd3+ Kg8 30. Re7 Re8 31. Rxe8+ Bxe8 32. Bb8 a6 33.
a5 Nd7 34. Bc4+ Bf7 35. Bxf7+ Kxf7 36. Bc7 Ke6 37. Kf2 Nc5 38. Ke3 Nxb3 39. Ke4
Nc5+ 40. Kd4 Nd7 41. Ke4 Nf6+ 42. Kd4 Kd7 43. Be5 Kc6 44. Kc4 b5+ 45. axb6 Kxb6
46. Kb4 Nd5+ 47. Ka4 g6 48. Bd4+ Kb7 49. g4 h5 50. gxh5 gxh5 51. Bf2 Nf4 52.
Kb3 Ng2 1/2-1/2

[Event "Deutsche Ländermeisterschaft 2003"]
[Site "Kassel GER"]
[Date "2003.10.21"]
[Round "4"]
[White "Butschek, Tanja"]
[Black "Sörös, Martin-Wolfgang"]
[Result "1-0"]
[Termination "normal"]
[Board "2.7"]
[WhiteElo "1727"]
[BlackElo "1656"]
[WhiteTeam "Nordrhein-Westfalen"]
[BlackTeam "Württemberg"]
[PlyCount "78"]
[WhiteFideId "24604640"]
[EventCountry "GER"]
[EventRounds "7"]
[EventType "team-swiss"]
[EventDate "2003.10.18"]

1. e4 Nf6 2. e5 Nd5 3. Bc4 Nb6 4. Bb3 d6 5. d4 dxe5 6. Qh5 e6 7. dxe5 g6 8. Qe2
Nc6 9. Nf3 h6 10. c3 Bd7 11. Bf4 Qe7 12. Nbd2 Bg7 13. h4 O-O-O 14. O-O-O Nd5
15. Bg3 Na5 16. Nd4 Nxb3+ 17. N2xb3 Ba4 18. Rde1 Bxb3 19. Nxb3 g5 20. Kb1 Rdg8
21. Nd4 Qc5 22. Qf3 Qe7 23. hxg5 hxg5 24. Qg4 Bh6 25. Rh2 Rg6 26. Reh1 Qf8 27.
Rh5 Nf4 28. Bxf4 gxf4 29. Qf3 Qg7 30. Ne2 Rg5 31. Rxg5 Bxg5 32. Rxh8+ Qxh8 33.
Qe4 Qh4 34. Qf3 Qh7+ 35. Kc1 Qf5 36. Nd4 Qxe5 37. Kc2 Qf6 38. Qe4 c6 39. Nf3
Qg6 1-0

[Event "Deutsche Ländermeisterschaft 2003"]
[Site "Kassel GER"]
[Date "2003.10.21"]
[Round "4"]
[White "Zikeli, Julia"]
[Black "van Orsouw, Svenja"]
[Result "0-1"]
[Termination "normal"]
[Board "2.8"]
[WhiteElo "1466"]
[BlackElo "1313"]
[WhiteTeam "Württemberg"]
[BlackTeam "Nordrhein-Westfalen"]
[PlyCount "78"]
[WhiteFideId "24622753"]
[BlackFideId "24677124"]
[EventCountry "GER"]
[EventRounds "7"]
[EventType "team-swiss"]
[EventDate "2003.10.18"]

1. e4 c5 2. Nf3 Nc6 3. d4 cxd4 4. Nxd4 e5 5. Nf3 d6 6. Nc3 Nf6 7. Bg5 Be6 8.
Bb5 Be7 9. O-O O-O 10. Qd2 Qc7 11. Rad1 Rad8 12. Bxf6 Bxf6 13. Nd5 Bxd5 14.
exd5 Ne7 15. Ba4 Ng6 16. Rfe1 Be7 17. Rc1 f5 18. c4 Qb8 19. b4 Rc8 20. Rc2 h6
21. Rec1 e4 22. Nd4 Bg5 23. Qe1 Bxc1 24. Qxc1 b6 25. Ne6 Rf7 26. Bc6 Ne5 27.
Bb5 Nd3 28. Qa3 g5 29. Ba6 Re8 30. c5 bxc5 31. Bxd3 exd3 32. Rb2 c4 33. Qc3 Rc8
34. Nd4 Qb7 35. Nc6 Qb5 36. Qd4 Re8 37. h3 Re2 38. Rxe2 dxe2 39. Qe3 Qxd5 0-1

[Event "Deutsche Ländermeisterschaft 2003"]
[Site "Kassel GER"]
[Date "2003.10.21"]
[Round "4"]
[White "Langrock, Hannes"]
[Black "Krämer, Martin"]
[Result "1-0"]
[Termination "normal"]
[Board "3.1"]
[WhiteElo "2336"]
[BlackElo "2213"]
[WhiteTeam "Hamburg"]
[BlackTeam "Thüringen"]
[PlyCount "91"]
[WhiteFideId "4655290"]
[BlackFideId "4671910"]
[EventCountry "GER"]
[EventRounds "7"]
[EventType "team-swiss"]
[EventDate "2003.10.18"]

1. e4 c5 2. c3 Nf6 3. e5 Nd5 4. d4 cxd4 5. cxd4 d6 6. Nf3 Nc6 7. Bc4 Nb6 8. Bb3
dxe5 9. d5 Na5 10. Nc3 Nxb3 11. Qxb3 e6 12. Nxe5 exd5 13. Be3 Bd6 14. Qb5+ Bd7
15. Nxd7 Qxd7 16. O-O-O Qxb5 17. Nxb5 Kd7 18. Bxb6 axb6 19. Rxd5 Kc6 20. Rhd1
Bc5 21. Nc3 Rhe8 22. a3 Re6 23. Rf5 f6 24. Kc2 Rd6 25. Nd5 Re8 26. Rd2 Rd7 27.
b4 Red8 28. a4 Rxd5 29. b5+ Kc7 30. Rfxd5 Rxd5 31. Rxd5 Bxf2 32. Rh5 h6 33. Rd5
Bc5 34. a5 Bg1 35. a6 bxa6 36. bxa6 Kb8 37. Rd7 g5 38. h3 f5 39. Kc3 g4 40.
hxg4 fxg4 41. Kc4 b5+ 42. Kxb5 h5 43. Rh7 g3 44. Rxh5 Bf2 45. Rh7 Ka8 46. Kc6
1-0

[Event "Deutsche Ländermeisterschaft 2003"]
[Site "Kassel GER"]
[Date "2003.10.21"]
[Round "4"]
[White "Holzschuh, Stephan"]
[Black "Buchheister, Benjamin"]
[Result "1/2-1/2"]
[Termination "normal"]
[Board "3.2"]
[WhiteElo "2138"]
[BlackElo "1881"]
[WhiteTeam "Thüringen"]
[BlackTeam "Hamburg"]
[PlyCount "54"]
[WhiteFideId "4677471"]
[BlackFideId "24601934"]
[EventCountry "GER"]
[EventRounds "7"]
[EventType "team-swiss"]
[EventDate "2003.10.18"]

1. e4 e6 2. d4 d5 3. e5 c5 4. c3 Bd7 5. Nf3 a6 6. Be2 cxd4 7. cxd4 Bb5 8. O-O
Bxe2 9. Qxe2 Ne7 10. Nc3 Nbc6 11. Be3 Nf5 12. Rac1 Be7 13. a3 Na5 14. Nd2 Nc6
15. Nb3 Qb6 16. Qd1 O-O 17. Na4 Qa7 18. g4 Nxe3 19. fxe3 Bg5 20. Rc3 Rac8 21.
Qe1 Be7 22. Nac5 Nxe5 23. Nxe6 Rxc3 24. Qxc3 fxe6 25. dxe5 Bh4 26. Qc2 Bg5 27.
Qc3 Bh4 1/2-1/2

[Event "Deutsche Ländermeisterschaft 2003"]
[Site "Kassel GER"]
[Date "2003.10.21"]
[Round "4"]
[White "Zollondz, Mark"]
[Black "Lange, Corinna"]
[Result "1/2-1/2"]
[Termination "normal"]
[Board "3.3"]
[WhiteElo "1968"]
[BlackElo "2142"]
[WhiteTeam "Hamburg"]
[BlackTeam "Thüringen"]
[PlyCount "48"]
[EventCountry "GER"]
[EventRounds "7"]
[EventType "team-swiss"]
[EventDate "2003.10.18"]

1. d4 e6 2. c4 f5 3. g3 Nf6 4. Nf3 b6 5. Bg2 Bb7 6. O-O Be7 7. b3 O-O 8. Ba3
Bxa3 9. Nxa3 d6 10. Qc2 Nbd7 11. Nd2 Bxg2 12. Kxg2 Qe7 13. Nb5 c5 14. e3 a6 15.
Nc3 Rac8 16. d5 exd5 17. Qxf5 Ne5 18. cxd5 b5 19. Qe6+ Qxe6 20. dxe6 Rfe8 21.
Nce4 Nxe4 22. Nxe4 Rxe6 23. Rad1 Nf7 24. Nc3 c4 1/2-1/2

[Event "Deutsche Ländermeisterschaft 2003"]
[Site "Kassel GER"]
[Date "2003.10.21"]
[Round "4"]
[White "Siebarth, Raiko"]
[Black "Schmidt, Armin"]
[Result "1-0"]
[Termination "normal"]
[Board "3.4"]
[WhiteElo "2117"]
[BlackElo "1803"]
[WhiteTeam "Thüringen"]
[BlackTeam "Hamburg"]
[PlyCount "47"]
[WhiteFideId "4674766"]
[BlackFideId "24610160"]
[EventCountry "GER"]
[EventRounds "7"]
[EventType "team-swiss"]
[EventDate "2003.10.18"]

1. e4 c6 2. d4 d5 3. Nc3 dxe4 4. Nxe4 Nf6 5. Nxf6+ gxf6 6. g3 Bf5 7. Bg2 e6 8.
Nf3 Qc7 9. O-O Nd7 10. c4 O-O-O 11. Qe2 Bg4 12. h3 Bxf3 13. Qxf3 h5 14. h4 Bh6
15. d5 c5 16. Bxh6 Rxh6 17. d6 Qb6 18. b4 cxb4 19. c5 Nxc5 20. Rac1 Kd7 21. Qe3
Rhh8 22. Rxc5 Qxd6 23. Bxb7 Rb8 24. Bf3 1-0

[Event "Deutsche Ländermeisterschaft 2003"]
[Site "Kassel GER"]
[Date "2003.10.21"]
[Round "4"]
[White "Rohlfs, Ricarda"]
[Black "Siebarth, Marco"]
[Result "0-1"]
[Termination "normal"]
[Board "3.5"]
[WhiteElo "1671"]
[BlackElo "1733"]
[WhiteTeam "Hamburg"]
[BlackTeam "Thüringen"]
[PlyCount "84"]
[BlackFideId "24604330"]
[EventCountry "GER"]
[EventRounds "7"]
[EventType "team-swiss"]
[EventDate "2003.10.18"]

1. e4 d5 2. exd5 Qxd5 3. Nf3 Nf6 4. d4 c6 5. c4 Qa5+ 6. Bd2 Qc7 7. Nc3 Bg4 8.
Be2 e6 9. Rc1 Nbd7 10. h3 Bxf3 11. Bxf3 Bd6 12. a3 O-O 13. O-O Rfe8 14. Re1
Rab8 15. Bg5 Qa5 16. Qd2 h6 17. Be3 a6 18. Qd3 Nf8 19. Ne2 Ng6 20. Ng3 Bxg3 21.
fxg3 Rbd8 22. Qf1 e5 23. Red1 Qb6 24. Qf2 Qc7 25. Rf1 Rd7 26. Bd1 exd4 27. Bxd4
Ne4 28. Bb6 Nxf2 29. Bxc7 Nxd1 30. Bb6 Nxb2 31. c5 Nd3 32. Rc3 Nde5 33. Rb1 Rd3
34. Rxd3 Nxd3 35. Rd1 Re1+ 36. Rxe1 Nxe1 37. Kf2 Nc2 38. a4 f5 39. Ba5 Nd4 40.
Ke3 Ne6 41. h4 Ne7 42. Bb4 Nd5+ 0-1

[Event "Deutsche Ländermeisterschaft 2003"]
[Site "Kassel GER"]
[Date "2003.10.21"]
[Round "4"]
[White "Forchmann, Anneliese"]
[Black "Chin, Karin"]
[Result "1-0"]
[Termination "normal"]
[Board "3.6"]
[WhiteElo "1627"]
[BlackElo "1762"]
[WhiteTeam "Thüringen"]
[BlackTeam "Hamburg"]
[PlyCount "81"]
[BlackFideId "24608157"]
[EventCountry "GER"]
[EventRounds "7"]
[EventType "team-swiss"]
[EventDate "2003.10.18"]

1. e4 c5 2. Nf3 Nc6 3. d4 cxd4 4. Nxd4 g6 5. c4 Bg7 6. Nc2 Nf6 7. Nc3 d6 8. Be2
O-O 9. O-O Nd7 10. Bd2 Nc5 11. b4 Ne6 12. Rc1 Ned4 13. Nxd4 Nxd4 14. Bd3 f5 15.
Bg5 Ne6 16. Bd2 Nd4 17. Nd5 e6 18. Nf4 e5 19. Nd5 f4 20. f3 h5 21. Kh1 Kf7 22.
c5 Rh8 23. cxd6 Qxd6 24. Rc7+ Kf8 25. b5 Kg8 26. Bb4 Qd8 27. Be7 Qe8 28. Bf6
Bd7 29. Bc4 Kh7 30. Rxb7 Rf8 31. Be7 Rh8 32. Nf6+ Bxf6 33. Bxf6 Rd8 34. Bxd8
Qxd8 35. Be6 Kh6 36. Rxd7 Qe8 37. Rxd4 exd4 38. Qxd4 Rh7 39. Qc4 Rb7 40. a4 Qd8
41. Qc8 1-0

[Event "Deutsche Ländermeisterschaft 2003"]
[Site "Kassel GER"]
[Date "2003.10.21"]
[Round "4"]
[White "Stellfeld, Tilman"]
[Black "Friedt, Edmund"]
[Result "0-1"]
[Termination "normal"]
[Board "3.7"]
[WhiteElo "1210"]
[BlackElo "1303"]
[WhiteTeam "Hamburg"]
[BlackTeam "Thüringen"]
[PlyCount "76"]
[WhiteFideId "24651311"]
[BlackFideId "24629545"]
[EventCountry "GER"]
[EventRounds "7"]
[EventType "team-swiss"]
[EventDate "2003.10.18"]

1. d4 d5 2. c4 e6 3. Nc3 Nf6 4. Bg5 Be7 5. Nf3 Nc6 6. e3 h6 7. Bh4 a6 8. Rc1
O-O 9. cxd5 exd5 10. Bd3 Bg4 11. h3 Bh5 12. Bb1 Re8 13. Qd3 Bg6 14. Qe2 Bh5 15.
O-O Qd7 16. Bxf6 Bxf6 17. Rfe1 Nxd4 18. Bh7+ Kxh7 19. Qd3+ Bg6 20. Qd1 Nxf3+
21. Qxf3 Bxc3 22. Rxc3 c6 23. Qf4 Rad8 24. Rd1 Qd6 25. Qd4 Re7 26. g3 Qe6 27.
Kh2 Bf5 28. g4 Be4 29. f4 f5 30. Kg3 Qg6 31. Qc5 Red7 32. Kh2 fxg4 33. Qd4 Qh5
34. Kg1 Qxh3 35. Qd2 Qh1+ 36. Kf2 Qg2+ 37. Ke1 Qg1+ 38. Ke2 Bf3+ 0-1